000 00277nam a2200109Ia 4500
008 231120s2019 xx 000 0 und d
041 _aeng
100 _aWENDY VELBERT
245 _aACRYLIC PAINTING STEP BY STEP
260 _aSEARCH PRESS
_bSEARCH PRESS
_c2019
300 _aP-144
999 _c933667
_d933667